| 000 | 00361nam a2200145Ia 4500 | ||
|---|---|---|---|
| 008 | 210707s1981 xx 000 0 und d | ||
| 041 | _aeng | ||
| 082 | _aH891.8 SANV | ||
| 100 | _aSANKRATYAYAN (Rahul) | ||
| 245 | _aVaijnanik mautikvad | ||
| 260 |
_aIlahabad _bLokbharati Prakashan _c1981 |
||
| 300 | _a193 p | ||
| 563 | _aPB | ||
| 650 | _aHindi Miscellaneous | ||
| 999 |
_c180331 _d180331 |
||